Exhaustive commentaries on Madhya Pradesh Co-operative Societies Act, 1960 (Act no. 17 of 1961) : (Record no. 186632)
[ view plain ]
| 000 -LEADER | |
|---|---|
| fixed length control field | 01221cam1a220024100 4500 |
| 001 - CONTROL NUMBER | |
| control field | tmp15472242 |
| 003 - CONTROL NUMBER IDENTIFIER | |
| control field | UPRA |
| 005 - DATE AND TIME OF LATEST TRANSACTION | |
| control field | 20190830105306.0 |
| 008 - FIXED-LENGTH DATA ELEMENTS--GENERAL INFORMATION | |
| fixed length control field | 950823s1967 ii eng u |
| 035 ## - SYSTEM CONTROL NUMBER | |
| System control number | (Sirsi) r112742 |
| 035 ## - SYSTEM CONTROL NUMBER | |
| System control number | (UPRA)tmp15472242 |
| 040 ## - CATALOGING SOURCE | |
| Transcribing agency | UPRA |
| 100 1# - MAIN ENTRY--PERSONAL NAME | |
| Personal name | Pandey, R. K. |
| Linkage | A74256.1 |
| 245 10 - TITLE STATEMENT | |
| Title | Exhaustive commentaries on Madhya Pradesh Co-operative Societies Act, 1960 (Act no. 17 of 1961) : |
| Remainder of title | with allied acts, rules and notifications etc. / |
| Statement of responsibility, etc. | by R.K. Pandey and N.K. Pandey. |
| 250 ## - EDITION STATEMENT | |
| Edition statement | 2nd rev. and enl. ed. / with a foreword by Kailash Nath Katju. |
| Remainder of edition statement | 2nd rev. and enl. ed. / with a foreword by Kailash Nath Katju. |
| 260 ## - PUBLICATION, DISTRIBUTION, ETC. | |
| Place of publication, distribution, etc. | Jabalpur : |
| Name of publisher, distributor, etc. | M.P. Law House, |
| Date of publication, distribution, etc. | 1967. |
| 500 ## - GENERAL NOTE | |
| General note | Includes legislation. |
| 650 #0 - SUBJECT ADDED ENTRY--TOPICAL TERM | |
| Topical term or geographic name entry element | Cooperative societies -- Madhya Pradesh -- India -- Law. |
| Geographic subdivision | Cooperative societies -- Madhya Pradesh -- India -- Law. |
| -- | Cooperative societies -- Madhya Pradesh -- India -- Law. |
| General subdivision | Cooperative societies -- Madhya Pradesh -- India -- Law. |
| Linkage | S55430.1 |
| 700 1# - ADDED ENTRY--PERSONAL NAME | |
| Personal name | Pandey, N. K. |
| Linkage | A74257.1 |
| 710 1# - ADDED ENTRY--CORPORATE NAME | |
| Corporate name or jurisdiction name as entry element | Madhya Pradesh (India). Laws, etc. |
| Title of a work | Madhya Pradesh (India). Laws, etc. |
| Linkage | A74258.1 |
| 949 ## - LOCAL PROCESSING INFORMATION (OCLC) | |
| a | KF2911 |
| w | lcc |
| i | 33729001492904 |
| m | MAIN |
| p | 2500 |
| t | BOOK |
| l | ON-SHELF |
No items available.